书目信息 |
| 题名: |
洋话连篇最新托福阅读真题
|
|
| 作者: | 东方友人 编著 | |
| 分册: | ||
| 出版信息: | 北京 中国对外翻译出版公司 2003.04 |
|
| 页数: | 329页 | |
| 开本: | 25cm | |
| 丛书名: | 托福教材系列丛书 | |
| 单 册: | ||
| 中图分类: | H319.4 | |
| 科图分类: | ||
| 主题词: | 英语--阅读数学--高等教育--入学考试--美国--试题 | |
| 电子资源: | ||
| ISBN: | 7-5001-1101-0 | |
| 000 | 01032nam 2200289 450 | |
| 001 | 192004001812 | |
| 005 | 20070911111243.90 | |
| 010 | @a7-5001-1101-0@dCNY39.00 | |
| 092 | @aCN@bHT06001 | |
| 100 | @a20070531d2003 ekmy0chiy0121 ea | |
| 101 | 0 | @aeng |
| 102 | @aCN@b110000 | |
| 105 | @ay z 000yy | |
| 200 | 1 | @a洋话连篇最新托福阅读真题@Ayang hua lian pian zui xin tuo fu yue du zhen ti@f东方友人编著 |
| 210 | @a北京@c中国对外翻译出版公司@d2003.04 | |
| 215 | @a329页@d25cm | |
| 225 | 2 | @a托福教材系列丛书@Atuo fu jiao cai xi lie cong shu |
| 300 | @a并列题名:Super success for the toefl test | |
| 312 | @a并列英文题名取自于封面 | |
| 330 | @a本书收录了自1989年以后十年国内TOEFL考试所考的阅读真题,堪称目前国内最全、最新的TOEFL阅读考题集。 | |
| 410 | 0 | @12001 @a托福教材系列丛书 |
| 510 | 1 | @aSuper success for the toefl test@zeng |
| 606 | 0 | @a英语@x阅读数学@x高等教育@x入学考试@y美国@j试题 |
| 690 | @aH319.4@v4 | |
| 701 | 0 | @a东方友人@Adong fang you ren@4编著 |
| 801 | 0 | @aCN@c20070911 |
| 905 | @dH319.4@eD664 | |
| 洋话连篇最新托福阅读真题/东方友人编著.-北京:中国对外翻译出版公司,2003.04 |
| 329页;25cm.-(托福教材系列丛书) |
| 并列题名:Super success for the toefl test |
| ISBN 7-5001-1101-0:CNY39.00 |
| 本书收录了自1989年以后十年国内TOEFL考试所考的阅读真题,堪称目前国内最全、最新的TOEFL阅读考题集。 |
| ● |
| 相关链接 |
|
|
|
正题名:洋话连篇最新托福阅读真题
索取号:H319.4/D664
 
预约/预借
| 序号 | 登录号 | 条形码 | 馆藏地/架位号 | 状态 | 备注 |
| 1 | 624751 | 206247514 | 语言库209/209语言库 44排6列6层/ [索取号:H319.4/D664] | 在馆 | |
| 2 | 624752 | 206247523 | 语言库209/209语言库 44排6列6层/ [索取号:H319.4/D664] | 在馆 | |
| 3 | 624753 | 206247532 | 语言库209/209语言库 44排6列6层/ [索取号:H319.4/D664] | 在馆 |